An introduction to international trade; T1
Sparad:
| Huvudupphovsman: | |
|---|---|
| Materialtyp: | Bok |
| Språk: | Undetermined |
| Publicerad: |
Tp. HCM
Trường Đại học Tổng hợp Tp. HCM
1994
|
| Ämnen: | |
| Taggar: |
Lägg till en tagg
Inga taggar, Lägg till första taggen!
|
| Thư viện lưu trữ: | Trung tâm Học liệu Trường Đại học Cần Thơ |
|---|
| LEADER | 00639nam a2200181Ia 4500 | ||
|---|---|---|---|
| 001 | CTU_35611 | ||
| 008 | 210402s9999 xx 000 0 und d | ||
| 082 | |a 428 | ||
| 082 | |b Tr561i | ||
| 100 | |a Trường Đại học Tổng hợp Tp. HCM. | ||
| 245 | 3 | |a An introduction to international trade; T1 | |
| 245 | 0 | |c Trường Đại học Tổng hợp Tp. HCM. | |
| 260 | |a Tp. HCM | ||
| 260 | |b Trường Đại học Tổng hợp Tp. HCM | ||
| 260 | |c 1994 | ||
| 650 | |a english language - study and teaching | ||
| 904 | |i Nguyễn Quang Điền, 000307 | ||
| 980 | |a Trung tâm Học liệu Trường Đại học Cần Thơ | ||